Zavádzanie inovácií v malých a stredných podnikoch s modernými organizačnými štruktúrami

Analýza jednotlivých problémov v procese zavádzania inovácií v malých a stredných podnikoch na Slovensku, ktoré využívajú moderné organizačné štruktúry. Holakratická organizačná štruktúra – ameba. Virtuálna organizačná štruktúra.

Guardado en:
Detalles Bibliográficos
Autor principal: Kovalev, Andrej
Formato: Capítulo de libro
Lenguaje:eslovaco
Materias:
Etiquetas: Agregar Etiqueta
Sin Etiquetas, Sea el primero en etiquetar este registro!

MARC

LEADER 00000naa$a2200000$$$4500
001 0250065
005 20240502074014.0
041 0 |a slo 
044 |a SK 
245 1 0 |a Zavádzanie inovácií v malých a stredných podnikoch s modernými organizačnými štruktúrami  |c Andrej Kovalev 
520 |a Analýza jednotlivých problémov v procese zavádzania inovácií v malých a stredných podnikoch na Slovensku, ktoré využívajú moderné organizačné štruktúry. Holakratická organizačná štruktúra – ameba. Virtuálna organizačná štruktúra. 
610 2 0 |a podnik malý 
610 2 0 |a podnik stredný 
610 2 0 |a organizácia podniku 
610 2 0 |a organizácia pracoviska 
610 2 0 |a inovácie sociálne 
610 2 0 |a inovácie technologické 
610 2 0 |a štruktúra podniku organizačná 
100 1 |a Kovalev, Andrej